| 000 | 00668nmc a2200253 a 4500 | ||
|---|---|---|---|
| 003 | AR-BaBNM | ||
| 005 | 20251128211513.0 | ||
| 008 | 134120s2001 ||||||||||||||000 | spa|| | ||
| 020 | _a84-95456-41-9 | ||
| 040 | _cAR-BaBNM | ||
| 100 | 1 | _aGoldberg, Natalie | |
| 245 | 1 | 0 | _aLa escritura, una terapia creativa |
| 260 |
_aBarcelona _bOniro _c2001 |
||
| 300 | 0 | _a219 p. | |
| 490 | 0 |
_aTerapias naturales _vv. 13 |
|
| 650 | 4 | _aAPRENDIZAJE MEDIANTE LA PRACTICA | |
| 650 | 4 | _aESCRITURA | |
| 650 | 4 | _aTALLERES [METODO PEDAGOGICO] | |
| 650 | 4 | _aESTILOS ARTISTICOS | |
| 650 | 4 | _aESTILO LITERARIO | |
| 650 | 4 | _aCREACION ARTISTICA | |
| 942 | _cBK | ||
| 998 | _cEugenia | ||
| 999 |
_c19937 _d19937 |
||